|
|
|
|
| LEADER |
00000nam2a2200000 4500 |
| 001 |
327167 |
| 005 |
20231102003931.0 |
| 035 |
|
|
|a (RuTPU)RU\TPU\book\352827
|
| 090 |
|
|
|a 327167
|
| 100 |
|
|
|a 20170126d1968 k y0rusy50 ca
|
| 101 |
0 |
|
|a rus
|
| 102 |
|
|
|a RU
|
| 105 |
|
|
|a a g 001zy
|
| 200 |
0 |
|
|a Т. 1
|
| 210 |
|
|
|d 1968
|
| 215 |
|
|
|a 440 с.
|c ил.
|
| 320 |
|
|
|a Алф.-предм. указ.: с. 426-440
|
| 320 |
|
|
|a Библиография в конце статей
|
| 461 |
|
1 |
|0 (RuTPU)RU\TPU\book\352824
|t Детали машин. Расчет и конструирование
|o справочник
|f под ред. Н. С. Ачеркана
|v Т. 1
|e 3-е изд., перераб.
|d 1968
|
| 606 |
1 |
|
|a Детали машин
|2 stltpush
|3 (RuTPU)RU\TPU\subj\9144
|9 36422
|
| 610 |
1 |
|
|a расчет
|
| 610 |
1 |
|
|a конструирование
|
| 610 |
1 |
|
|a трение
|
| 610 |
1 |
|
|a неразъемные соединения
|
| 610 |
1 |
|
|a разъемные соединения
|
| 610 |
1 |
|
|a валы
|
| 610 |
1 |
|
|a оси
|
| 610 |
1 |
|
|a опоры
|
| 610 |
1 |
|
|a подшипники
|
| 610 |
1 |
|
|a машиностроение
|
| 610 |
1 |
|
|a справочники
|
| 675 |
|
|
|a 621.81(035)
|v 4
|
| 801 |
|
1 |
|a RU
|b 63413507
|c 20170126
|
| 801 |
|
2 |
|a RU
|b 63413507
|c 20170130
|g RCR
|
| 942 |
|
|
|c BK
|